| 000 | 00466nam a2200169Ia 4500 | ||
|---|---|---|---|
| 999 |
_c35007 _d35007 |
||
| 003 | OSt | ||
| 005 | 20200203135352.0 | ||
| 008 | 190216s9999||||xx |||||||||||||| ||und|| | ||
| 040 | _coclc | ||
| 082 |
_a320 _bRAJ/P |
||
| 100 |
_aRajshekar, V T _9345 |
||
| 245 | 0 |
_aPunjab In Turmoil / _cV T Rajshekar |
|
| 260 |
_bDalit Sahitya Akademy, _c2010. _aBangalore: |
||
| 300 | _a39p | ||
| 650 | _aPolitics | ||
| 942 |
_cBK _2ddc _h320 _iRAJ/P _k320 _mRAJ/P |
||